000 00568nam a22001937a 4500
005 20190826153411.0
008 190824b xxu||||| |||| 00| 0 eng d
020 _a97881260422258
_cRs. 120.00
040 _aLoreto College
041 _aBengali
082 _a891.443
_bBAN-BHA
245 _aTarasankar
_bVyaktitwa o Sahityo
_cEdited by Pradyum Bhattacharya
260 _aNew Delhi
_bSahitya Akademi
_c2013
300 _a283 p.
_b24 cm.
650 _aTarasankar Criticism - Novel
700 _4ed.
_aBhattacharya,Pradyumna
850 _aLCLIB
942 _cBK
999 _c42394
_d92873